[Event "21st European Teams Women"]
[Site "Hersonissos GRE"]
[Date "2017.10.30"]
[Round "3.5"]
[Board "4"]
[White "Guichard, Pauline"]
[Black "Vidic, Teja"]
[Result "0-1"]
[WhiteTitle "WGM"]
[BlackTitle "WFM"]
[WhiteElo "2285"]
[BlackElo "2159"]
[WhiteTeam "France"]
[BlackTeam "Slovenia"]
[WhiteFideId "639370"]
[BlackFideId "14605511"]
[EventDate "2017.10.28"]

1. c4 e5 2. Nc3 Nf6 3. Nf3 Nc6 4. e4 d6 5. d4 Bg4 6. d5 Nd4 7. Be3 Nxf3+ 8. gxf3
Bd7 9. Be2 g6 10. f4 exf4 11. Bxf4 Bg7 12. c5 Qe7 13. cxd6 cxd6 14. O-O O-O 15.
Qd3 b5 16. Bf3 b4 17. Ne2 Rfe8 18. Ng3 h5 19. Qa6 h4 20. Bxd6 Qd8 21. e5 hxg3
22. exf6 Qxf6 23. Be2 Qxb2 24. Bb5 gxf2+ 25. Kg2 Bxb5 26. Qxb5 Re1 27. Qb7 Rd8
28. Qc7 Rxd6 29. Rxf2 Qxa1 0-1

[Event "21st European Teams Women"]
[Site "Hersonissos GRE"]
[Date "2017.10.30"]
[Round "3.6"]
[Board "1"]
[White "Paehtz, Elisabeth"]
[Black "Worek, Joanna"]
[Result "1-0"]
[WhiteTitle "IM"]
[BlackTitle "WGM"]
[WhiteElo "2453"]
[BlackElo "2299"]
[WhiteTeam "Germany"]
[BlackTeam "Czech Republic"]
[WhiteFideId "4641833"]
[BlackFideId "1118080"]
[EventDate "2017.10.28"]

1. e4 e6 2. d4 d5 3. e5 c5 4. c3 Nc6 5. Nf3 Qb6 6. a3 Nh6 7. b4 cxd4 8. cxd4 Nf5
9. Be3 Bd7 10. Bd3 Rc8 11. O-O Be7 12. Bxf5 exf5 13. Qd3 O-O 14. Nc3 Be6 15. h4
Qd8 16. Bg5 h6 17. Bxe7 Nxe7 18. Nb5 Qd7 19. Nd6 Rc6 20. Rac1 f6 21. Nb5 Rc4 22.
Nc3 Ng6 23. exf6 Rxf6 24. h5 Nf4 25. Qd2 Qc7 26. Ne5 Rxc3 27. Qxf4 Kh7 28. Qd2
Rxc1 29. Rxc1 Qd8 30. Ng6 Bf7 31. Nf4 Ra6 32. Qe3 Qg5 33. Rc7 Bxh5 34. Nxd5 Qg4
35. Nf4 Rc6 36. Rxb7 Qd1+ 37. Kh2 Rc1 38. Ne6 Qh1+ 39. Kg3 f4+ 40. Nxf4 Re1 41.
Qd3+ Kh8 42. Qf5 1-0

[Event "21st European Teams Women"]
[Site "Hersonissos GRE"]
[Date "2017.10.30"]
[Round "3.6"]
[Board "2"]
[White "Havlikova, Kristyna"]
[Black "Hoolt, Sarah"]
[Result "1/2-1/2"]
[WhiteTitle "WIM"]
[BlackTitle "WGM"]
[WhiteElo "2272"]
[BlackElo "2423"]
[WhiteTeam "Czech Republic"]
[BlackTeam "Germany"]
[WhiteFideId "309672"]
[BlackFideId "24606812"]
[EventDate "2017.10.28"]

1. e4 e6 2. d4 d5 3. Nc3 Nf6 4. e5 Nfd7 5. f4 c5 6. Nf3 Nc6 7. Be3 Be7 8. Qd2
O-O 9. Be2 b6 10. O-O f5 11. exf6 Nxf6 12. Kh1 Bb7 13. Rad1 a6 14. Qe1 Bd6 15.
Qh4 Ne7 16. Qh3 Bc8 17. Ne5 Nf5 18. Bg1 Nxd4 19. Bxd4 cxd4 20. Rxd4 Qc7 21. Qg3
Bb7 22. Rdd1 Rae8 23. Bd3 Ne4 24. Bxe4 dxe4 25. Rfe1 Re7 26. Nxe4 Bxe5 27. fxe5
Bxe4 28. Rxe4 Qxc2 29. Ree1 Qxb2 30. Qb3 Qf2 31. h3 h6 32. a4 Rf5 33. Qc4 b5 34.
axb5 axb5 35. Qxb5 Qg3 36. Qd3 Qxd3 37. Rxd3 Ra7 38. Rd6 Kf7 39. Rd2 Ra5 40.
Rde2 Kg6 41. Kh2 Kg5 42. Re3 h5 43. R1e2 g6 44. Rg3+ Kh6 45. Rge3 h4 46. g3
hxg3+ 47. Kxg3 Ra1 48. Re4 Rg1+ 49. Kh2 Rff1 50. Rg2 Rh1+ 51. Kg3 Rf5 52. Rh4+
Kg7 53. Re2 Rg1+ 54. Kh2 Rgg5 55. Rhe4 Rh5 56. Kg3 Rfg5+ 57. Kh2 Rh8 58. R2e3
Ra8 59. h4 Rf5 60. Rg3 Rf2+ 61. Rg2 Rxg2+ 62. Kxg2 Ra3 63. Rg4 Kh6 64. Re4 Kh5
65. Kh2 g5 66. hxg5 Kxg5 67. Kg2 Kf5 68. Re2 Kf4 69. Kf2 Rh3 70. Ke1 Rd3 71. Kf2
Rd5 72. Re1 Rd2+ 73. Re2 Rd1 74. Kg2 Rd3 75. Kf2 Kf5 76. Re1 Rd4 77. Re2 Rf4+
78. Ke1 Re4 79. Rxe4 Kxe4 80. Ke2 Kxe5 81. Ke3 1/2-1/2

[Event "21st European Teams Women"]
[Site "Hersonissos GRE"]
[Date "2017.10.30"]
[Round "3.6"]
[Board "3"]
[White "Michna, Marta"]
[Black "Olsarova, Karolina"]
[Result "1/2-1/2"]
[WhiteTitle "WGM"]
[BlackTitle "WIM"]
[WhiteElo "2376"]
[BlackElo "2293"]
[WhiteTeam "Germany"]
[BlackTeam "Czech Republic"]
[WhiteFideId "1106686"]
[BlackFideId "320242"]
[EventDate "2017.10.28"]

1. d4 Nf6 2. c3 d5 3. Bf4 c6 4. e3 Bf5 5. Nd2 e6 6. Ngf3 Be7 7. h3 h6 8. Be2 O-O
9. O-O Qb6 10. Qb3 Nbd7 11. Rfc1 Rfe8 12. a4 Ne4 13. a5 Nxd2 14. Nxd2 Qxb3 15.
Nxb3 a6 16. c4 Bf8 17. Bh2 dxc4 18. Bxc4 e5 19. d5 Be4 20. d6 Rad8 21. Ra4 Bg6
22. Rb4 b5 23. axb6 Bxd6 24. Ra4 Nxb6 25. Raa1 Nxc4 26. Rxc4 Bd3 27. Rxc6 Bb5
28. Rcc1 Bb4 29. e4 f6 30. Bg3 Rd3 31. Nc5 Rd6 32. Nb3 Red8 33. Kh2 h5 34. Rc7
R8d7 35. Rc8+ Rd8 36. Rc7 R6d7 37. Rcc1 Rb8 38. h4 Kf7 39. Na5 Kg6 40. Nc6 Bxc6
41. Rxc6 a5 42. Bxe5 Re8 43. Bc3 Rxe4 44. g3 Re2 45. Kg2 Bxc3 46. Rxc3 Rd5 47.
Rca3 Rf5 48. Rf3 Rb5 49. b3 Rb2 50. Ra4 Kf7 51. Ra1 Kg6 52. Ra4 Kh6 53. Ra1 Kh7
54. Ra4 Kg6 55. Ra1 Kf7 56. Ra4 f5 57. Rc3 R2xb3 58. Rxb3 Rxb3 59. Rxa5 Kf6 60.
Ra8 g6 61. Ra7 Rc3 62. Ra6+ Kf7 63. Ra7+ 1/2-1/2

[Event "21st European Teams Women"]
[Site "Hersonissos GRE"]
[Date "2017.10.30"]
[Round "3.6"]
[Board "4"]
[White "Novosadova, Kristyna"]
[Black "Levushkina, Elena"]
[Result "1-0"]
[BlackTitle "WGM"]
[WhiteElo "2184"]
[BlackElo "2309"]
[WhiteTeam "Czech Republic"]
[BlackTeam "Germany"]
[WhiteFideId "328065"]
[BlackFideId "14200686"]
[EventDate "2017.10.28"]

1. d4 d5 2. Nf3 Nf6 3. e3 Bg4 4. b3 e6 5. Bd3 Nbd7 6. Bb2 Bd6 7. Nbd2 c6 8. h3
Bh5 9. g4 Bg6 10. Bxg6 hxg6 11. Ne5 Bxe5 12. dxe5 Ng8 13. Qe2 Ne7 14. O-O-O a5
15. e4 a4 16. f4 axb3 17. axb3 Ra2 18. h4 Qa5 19. h5 Rf8 20. f5 gxh5 21. gxh5
exf5 22. exf5 Nxf5 23. e6 fxe6 24. Qxe6+ Kd8 25. Rhf1 d4 26. b4 Qd5 27. Qxd5
cxd5 28. Nb3 Ke7 29. Nxd4 Nxd4 30. Bxd4 Rh8 31. Rf5 Ke6 32. Bxg7 Rg8 33. Rg5
Ra1+ 34. Kd2 Rxd1+ 35. Kxd1 Nf8 36. h6 Nh7 37. Rg6+ Kd7 38. Kd2 b5 39. Rb6 Ng5
40. Rxb5 Kc6 41. c4 Ne4+ 42. Ke3 Re8 43. Kd4 Ng3 44. Rc5+ Kb6 45. Kxd5 Nf5 46.
Rc6+ Kb7 47. Re6 Rg8 48. Ke5 Nxg7 49. Re7+ 1-0

[Event "21st European Teams Women"]
[Site "Hersonissos GRE"]
[Date "2017.10.30"]
[Round "3.7"]
[Board "1"]
[White "Ziaziulkina, Nastassia"]
[Black "Mammadzada, Gunay"]
[Result "0-1"]
[WhiteTitle "IM"]
[BlackTitle "WGM"]
[WhiteElo "2369"]
[BlackElo "2393"]
[WhiteTeam "Belarus"]
[BlackTeam "Azerbaijan"]
[WhiteFideId "13505211"]
[BlackFideId "13403729"]
[EventDate "2017.10.28"]

1. e4 c5 2. Nf3 d6 3. d4 cxd4 4. Nxd4 Nf6 5. Nc3 a6 6. Be3 e5 7. Nf3 Qc7 8. Be2
Be7 9. a4 Be6 10. O-O h6 11. a5 Qc6 12. Nd2 Nbd7 13. Bf3 g5 14. h3 Rg8 15. Ra3
h5 16. Nd5 Nxd5 17. exd5 Bxd5 18. Rc3 Bxf3 19. Nxf3 Qe4 20. Nd2 Qd5 21. Qxh5 Qe6
22. Ne4 d5 23. Nxg5 Qg6 24. Qxg6 Rxg6 25. Nf3 d4 26. Nxd4 exd4 27. Bxd4 Rd6 28.
Rd1 Ne5 29. Rg3 O-O-O 30. c3 Nc6 31. Rg7 Nxd4 32. Rxd4 Rxd4 33. cxd4 Rf8 34. Kf1
Bd8 35. Ke2 Bxa5 36. h4 Bd8 37. h5 Bf6 38. Rg4 Kd7 39. Rf4 Bg5 40. Rf5 Bc1 41.
b3 Ke6 42. g4 Rg8 43. Re5+ Kd6 44. f3 f6 45. Rf5 Ke6 46. Rc5 Bf4 47. Rf5 Bh6 48.
Rc5 Rg5 49. Rc8 Rb5 50. Rh8 Bg5 51. h6 Kf7 52. d5 Rxd5 53. h7 Kg7 54. Rb8 Kxh7
55. Rxb7+ Kg6 56. Kf2 Bf4 57. Rb4 Bd2 58. Rc4 a5 59. Ke2 Kg5 60. Rc8 Bb4 61. Ke3
Re5+ 62. Kd4 Re6 63. Rc7 Kf4 64. Rf7 Kxf3 65. g5 Kf4 66. gxf6 Kf5 67. Kc4 Rxf6
68. Rb7 Rc6+ 69. Kb5 Rc1 70. Rd7 Ke4 71. Ka4 Ke3 72. Rd8 Ke2 73. Rd4 Ke3 74. Rd8
Rc2 75. Rd7 Rd2 76. Rd5 Rd4 77. Rh5 Kd3 78. Rh3+ Kc2 79. Rh2+ Bd2+ 80. Ka3 Rb4
81. Rh3 Re4 82. Rh7 Re1 83. Ka2 Rd1 84. Rh2 Kc1 85. Ka3 Bb4+ 86. Ka4 Rd2 87.
Rh1+ Kc2 88. Rh3 Rd3 89. Rh2+ Bd2 90. Rg2 Kb2 91. Rg1 Rd4+ 92. Kb5 Kxb3 93. Rg3+
Bc3 94. Rg1 a4 95. Rb1+ Bb2 96. Kc5 a3 97. Rh1 a2 98. Rh3+ Bc3 0-1

[Event "21st European Teams Women"]
[Site "Hersonissos GRE"]
[Date "2017.10.30"]
[Round "3.7"]
[Board "2"]
[White "Mamedjarova, Zeinab"]
[Black "Badelka, Olga"]
[Result "0-1"]
[WhiteTitle "WGM"]
[BlackTitle "WIM"]
[WhiteElo "2298"]
[BlackElo "2353"]
[WhiteTeam "Azerbaijan"]
[BlackTeam "Belarus"]
[WhiteFideId "13401521"]
[BlackFideId "13509926"]
[EventDate "2017.10.28"]

1. d4 Nf6 2. Nf3 c5 3. e3 e6 4. Bd3 d5 5. b3 Nc6 6. Bb2 Bd6 7. Nbd2 O-O 8. O-O
b6 9. a3 Bb7 10. Ne5 Ne7 11. dxc5 bxc5 12. c4 Qc7 13. f4 Nf5 14. Ng4 Ne4 15.
Bxe4 dxe4 16. Nf6+ Kh8 17. Nfxe4 Nxe3 18. Qh5 f6 19. Rf3 Nf5 20. Rh3 h6 21. Re1
Bxf4 22. Nf3 Rad8 23. Qg6 Nd4 24. Bxd4 cxd4 25. Nh4 d3 26. Qg4 Bxe4 27. Rxe4
Qc5+ 28. Kf1 f5 29. Ng6+ Kg8 30. Qh5 d2 31. Re1 dxe1=Q+ 32. Kxe1 Qg1+ 0-1

[Event "21st European Teams Women"]
[Site "Hersonissos GRE"]
[Date "2017.10.30"]
[Round "3.7"]
[Board "3"]
[White "Revo, Tatiana"]
[Black "Fataliyeva, Ulviyya"]
[Result "0-1"]
[WhiteTitle "WFM"]
[BlackTitle "WIM"]
[WhiteElo "2097"]
[BlackElo "2348"]
[WhiteTeam "Belarus"]
[BlackTeam "Azerbaijan"]
[WhiteFideId "13506480"]
[BlackFideId "13403052"]
[EventDate "2017.10.28"]

1. e4 e6 2. d4 d5 3. Nd2 c5 4. exd5 exd5 5. Ngf3 a6 6. Be2 Nc6 7. dxc5 Bxc5 8.
O-O Nf6 9. Nb3 Bb6 10. c3 h6 11. Nbd4 O-O 12. h3 Re8 13. Be3 Bc7 14. Qc2 Ne4 15.
Rfd1 Qd6 16. c4 Bxh3 17. Bf1 Bg4 18. c5 Nxd4 19. Rxd4 Qg6 20. Nh2 Be6 21. c6
Rac8 22. Qb3 bxc6 23. Bxa6 c5 24. Rxe4 dxe4 25. Qc3 Bh3 26. Bf1 Be5 27. Qa3 Be6
28. Rc1 Qf6 29. Rxc5 Bxb2 30. Qa4 Qe7 31. Qc2 Be5 32. Rxc8 Bxc8 33. g3 Bf5 34.
Bg2 Rc8 35. Qa4 Bd6 36. Nf1 h5 37. Qa5 Qe6 38. Qa4 Bg6 39. Qa6 h4 40. Qb7 hxg3
41. Nxg3 Rb8 42. Qa7 Rb1+ 43. Kh2 Qg4 44. Qa8+ Rb8 45. Qd5 Qh4+ 46. Bh3 Bxg3+
47. fxg3 Rb2+ 48. Bd2 Qh6 0-1

[Event "21st European Teams Women"]
[Site "Hersonissos GRE"]
[Date "2017.10.30"]
[Round "3.7"]
[Board "4"]
[White "Mammadova, Gulnar"]
[Black "Ilyuchyk, Yana"]
[Result "0-1"]
[WhiteTitle "IM"]
[WhiteElo "2385"]
[BlackElo "1992"]
[WhiteTeam "Azerbaijan"]
[BlackTeam "Belarus"]
[WhiteFideId "13403508"]
[BlackFideId "13508407"]
[EventDate "2017.10.28"]

1. c4 Nf6 2. Nc3 g6 3. g3 Bg7 4. Bg2 O-O 5. d3 d6 6. e4 c5 7. Nge2 Nc6 8. h3 Nd4
9. Be3 Ne8 10. O-O Nc7 11. Qc1 Rb8 12. Bh6 Nce6 13. Bxg7 Kxg7 14. f4 Nxe2+ 15.
Nxe2 Nd4 16. Nxd4 cxd4 17. f5 f6 18. b4 Bd7 19. a4 a5 20. c5 Rc8 21. Qb2 dxc5
22. bxc5 Rxc5 23. Qxd4 Qc7 24. g4 Rc2 25. Qe3 Rc8 26. g5 Qc5 27. gxf6+ exf6 28.
Qxc5 R8xc5 29. Rab1 Rc7 30. fxg6 hxg6 31. Rb6 R2c6 32. Rb3 Rd6 33. Rfb1 Bc6 34.
Kf2 Rd4 35. Ke3 Rcd7 36. Bf3 Rxa4 37. h4 Rad4 38. h5 gxh5 39. Bxh5 Kf8 40. Bg4
Rd8 41. Be6 b5 42. Ra3 a4 43. Rc3 R4d6 44. Ba2 Ke7 45. d4 Rh8 46. d5 Bd7 47. Rc2
Rb6 48. Rb4 Kd6 49. Bb1 Ke5 50. Rc7 Rh3+ 51. Kd2 Kd6 52. Rc1 Rb8 53. Bd3 Rg8 54.
Rd1 Kc5 55. Rbb1 Rg2+ 56. Kc1 b4 57. Rb2 Rxb2 58. Kxb2 Rh2+ 59. Kb1 b3 60. Rf1
Kd4 61. Ba6 Kxe4 62. Rxf6 Kxd5 63. Rf3 Kc5 64. Rf4 a3 65. Rc4+ Kd5 66. Rf4 Rh1+ 0-1

[Event "21st European Teams Women"]
[Site "Hersonissos GRE"]
[Date "2017.10.30"]
[Round "3.8"]
[Board "1"]
[White "Peng, Zhaoqin"]
[Black "Repkova, Eva"]
[Result "1-0"]
[WhiteTitle "GM"]
[BlackTitle "IM"]
[WhiteElo "2362"]
[BlackElo "2323"]
[WhiteTeam "Netherlands"]
[BlackTeam "Slovakia"]
[WhiteFideId "1004786"]
[BlackFideId "14900440"]
[EventDate "2017.10.28"]

1. d4 e6 2. Nf3 Nf6 3. e3 b6 4. Bd3 Bb7 5. O-O d5 6. b3 Nbd7 7. c4 Bd6 8. Nc3 e5
9. cxd5 Bb4 10. Ne4 Bxd5 11. Nxf6+ Qxf6 12. e4 Bb7 13. Bg5 Qg6 14. Qc1 Bd6 15.
Nh4 Qh5 16. Nf5 O-O 17. Be7 Rfb8 18. Bxd6 cxd6 19. Qc7 Nf8 20. Nxd6 Ne6 21. Qe7
Bc6 22. Rfc1 Nxd4 23. Bc4 Rf8 24. Rc3 b5 25. Rh3 Qg4 26. Bxf7+ Kh8 27. f3 Qd7
28. Rxh7+ 1-0

[Event "21st European Teams Women"]
[Site "Hersonissos GRE"]
[Date "2017.10.30"]
[Round "3.8"]
[Board "2"]
[White "Cibickova, Zuzana"]
[Black "Haast, Anne"]
[Result "1/2-1/2"]
[WhiteTitle "WGM"]
[BlackTitle "WGM"]
[WhiteElo "2290"]
[BlackElo "2288"]
[WhiteTeam "Slovakia"]
[BlackTeam "Netherlands"]
[WhiteFideId "14905779"]
[BlackFideId "1017292"]
[EventDate "2017.10.28"]

1. e4 c5 2. Nf3 e6 3. d4 cxd4 4. Nxd4 Nc6 5. Nc3 Qc7 6. Be3 a6 7. Qf3 Nxd4 8.
Bxd4 b5 9. Qg3 Qxg3 10. hxg3 Bb7 11. f3 Ne7 12. O-O-O Nc6 13. Be3 Bb4 14. Ne2 f6
15. Nf4 Ne5 16. Bd4 Be7 17. Bxe5 fxe5 18. Ng6 Rg8 19. Nxe7 Kxe7 20. Rxh7 d5 21.
exd5 exd5 22. f4 e4 23. c3 Rad8 24. Rd4 Rd6 25. Be2 Rh6 26. Rxh6 gxh6 27. g4 Kd6
28. a4 Bc6 29. axb5 axb5 30. Kd2 Bd7 31. Ke3 Bxg4 32. Bxb5 Be6 33. Bf1 h5 34.
Ra4 Ke7 35. c4 dxc4 36. Ra7+ Kf6 37. Ra6 Rc8 38. Kxe4 Ke7 39. Be2 Rb8 40. Bxh5
Rxb2 41. f5 Bxf5+ 42. Kxf5 Rxg2 43. Rc6 Rg1 44. Rxc4 Re1 45. Rd4 Rf1+ 46. Ke5
Re1+ 47. Kd5 Kf6 48. Bg4 Ke7 49. Rf4 Ra1 50. Rb4 Re1 51. Rb6 Ra1 52. Bf3 Ra5+
53. Ke4 Ra3 54. Be2 Rg3 55. Kf4 Rc3 56. Bf1 Rc5 57. Bg2 Ra5 58. Be4 Rc5 59. Bf5
Ra5 60. Re6+ Kf7 61. Kg5 Rc5 62. Rd6 Ra5 63. Rd7+ Ke8 64. Rb7 Ra6 65. Kf4 Ra5
66. Be6 Kd8 67. Ke4 Rc5 68. Rd7+ Ke8 69. Kd4 Rg5 70. Ke4 Rc5 71. Rh7 Rg5 72. Bf5
Kf8 73. Ke5 Rg7 74. Rh8+ Rg8 75. Rh1 Rg7 76. Kf6 Rf7+ 77. Ke6 Re7+ 78. Kd6 Re3
79. Rh7 Kg8 80. Rc7 Kh8 81. Be6 Rg3 82. Ke5 Rg5+ 83. Kf6 Rg6+ 84. Kf5 Rg7 85.
Rc8+ Kh7 86. Rc3 Kh8 87. Rc2 Rg1 88. Kf6 Rg6+ 89. Kf7 Rg7+ 90. Kf8 Rg8+ 91. Ke7
Rg1 92. Rc8+ Kh7 93. Kf6 Rg6+ 94. Kf5 1/2-1/2

[Event "21st European Teams Women"]
[Site "Hersonissos GRE"]
[Date "2017.10.30"]
[Round "3.8"]
[Board "3"]
[White "Lanchava, Tea"]
[Black "Vrbova, Niki"]
[Result "1-0"]
[WhiteTitle "IM"]
[BlackTitle "WFM"]
[WhiteElo "2314"]
[BlackElo "2188"]
[WhiteTeam "Netherlands"]
[BlackTeam "Slovakia"]
[WhiteFideId "1005308"]
[BlackFideId "14906341"]
[EventDate "2017.10.28"]

1. c4 e5 2. Nc3 Nf6 3. g3 d5 4. cxd5 Nxd5 5. Bg2 Nxc3 6. bxc3 Bc5 7. h4 Nc6 8.
Qc2 Be6 9. Nf3 h6 10. O-O Qd7 11. Rb1 Rb8 12. d4 e4 13. Qxe4 O-O 14. Qc2 Bb6 15.
Kh2 f5 16. Rd1 Qf7 17. d5 Bxd5 18. Ng5 Bxg2 19. Nxf7 Be4 20. Nxh6+ Kh7 21. Qb3
Bxb1 22. Qxb1 gxh6 23. Rd7+ Kg6 24. h5+ Kf6 25. Bxh6 Rg8 26. f4 Rbe8 27. Bg5+
Rxg5 28. fxg5+ Kxg5 29. Rg7+ Kf6 30. Rg6+ Ke7 31. Qxf5 Kd8 32. Qd5+ Kc8 33. Rg8 1-0

[Event "21st European Teams Women"]
[Site "Hersonissos GRE"]
[Date "2017.10.30"]
[Round "3.8"]
[Board "4"]
[White "Motycakova, Monika"]
[Black "Kazarian, Anna-Maja"]
[Result "1/2-1/2"]
[WhiteTitle "WFM"]
[BlackTitle "FM"]
[WhiteElo "2143"]
[BlackElo "2191"]
[WhiteTeam "Slovakia"]
[BlackTeam "Netherlands"]
[WhiteFideId "14909626"]
[BlackFideId "1033689"]
[EventDate "2017.10.28"]

1. e4 c5 2. Nf3 Nc6 3. d4 cxd4 4. Nxd4 Nf6 5. Nc3 e5 6. Ndb5 d6 7. Bg5 a6 8. Na3
b5 9. Bxf6 gxf6 10. Nd5 f5 11. c3 Bg7 12. exf5 Bxf5 13. Nc2 O-O 14. Nce3 Bg6 15.
h4 Be4 16. Bd3 Bxd5 17. Nxd5 f5 18. g4 e4 19. Bc2 b4 20. gxf5 bxc3 21. bxc3 Qa5
22. Rg1 Kh8 23. Rg3 Bd4 24. Ba4 Qxd5 25. Bxc6 Bxf2+ 26. Kxf2 Rxf5+ 27. Kg2 Qxc6
28. Qg4 Rf7 29. Rf1 Qb7 30. Rxf7 Qxf7 31. Qxe4 Re8 32. Qd4+ Re5 33. c4 Qf6 34.
Qg4 Re8 35. h5 Rf8 36. Kh3 Qf1+ 37. Kh2 Rf2+ 38. Rg2 Rxg2+ 39. Qxg2 Qxc4 40.
Qb2+ Kg8 41. Qb8+ Kf7 42. Qxd6 Qxa2+ 43. Kg3 Qb3+ 44. Kh4 Qc4+ 45. Kg3 Qc3+ 46.
Kg4 Qc4+ 47. Kg3 Qb3+ 48. Kh4 Qe6 49. Qd3 Qf6+ 50. Kg4 Qe6+ 1/2-1/2

[Event "21st European Teams Women"]
[Site "Hersonissos GRE"]
[Date "2017.10.30"]
[Round "3.9"]
[Board "1"]
[White "Danielian, Elina"]
[Black "Rapport, Jovana"]
[Result "1-0"]
[WhiteTitle "GM"]
[BlackTitle "WGM"]
[WhiteElo "2415"]
[BlackElo "2327"]
[WhiteTeam "Armenia"]
[BlackTeam "Serbia"]
[WhiteFideId "13300210"]
[BlackFideId "937266"]
[EventDate "2017.10.28"]

1. Nf3 Nf6 2. c4 g6 3. Nc3 Bg7 4. d4 d6 5. Bg5 h6 6. Bh4 O-O 7. e3 c5 8. d5 a6
9. a4 e5 10. Bd3 Qe8 11. Nd2 Nh7 12. f3 f5 13. a5 Nd7 14. e4 f4 15. Bf2 Bf6 16.
Na4 Qd8 17. b4 Bh4 18. Qe2 Rb8 19. O-O Bxf2+ 20. Qxf2 cxb4 21. c5 dxc5 22. Nxc5
Rf6 23. Nc4 Nhf8 24. Rfc1 Qe7 25. Nxd7 Nxd7 26. Rab1 g5 27. d6 Qg7 28. Qa7 Rf8
29. Be2 b5 30. axb6 b3 31. Rxb3 Rb7 32. Na5 Rxa7 33. bxa7 Nb6 34. Rc7 Qxc7 35.
dxc7 Na8 36. Rb8 Nxc7 37. Bc4+ Kg7 38. a8=Q Nxa8 39. Rxa8 Rd8 40. Nc6 Rd1+ 41.
Kf2 Rd2+ 42. Ke1 Rc2 43. Ra7+ Kf8 44. Nxe5 Ke8 45. Ra8 1-0

[Event "21st European Teams Women"]
[Site "Hersonissos GRE"]
[Date "2017.10.30"]
[Round "3.9"]
[Board "2"]
[White "Eric, Jovana"]
[Black "Mkrtchian, Lilit"]
[Result "0-1"]
[WhiteTitle "WIM"]
[BlackTitle "IM"]
[WhiteElo "2257"]
[BlackElo "2390"]
[WhiteTeam "Serbia"]
[BlackTeam "Armenia"]
[WhiteFideId "938238"]
[BlackFideId "13300601"]
[EventDate "2017.10.28"]

1. e4 c6 2. d4 d5 3. e5 Bf5 4. h4 a6 5. g4 Bd7 6. h5 Qc7 7. f4 c5 8. Be3 cxd4 9.
Bxd4 Nc6 10. Be3 d4 11. Bd2 f6 12. exf6 Nxf6 13. g5 Ne4 14. Bd3 Nxd2 15. Qxd2 e5
16. Ne2 O-O-O 17. O-O Bb4 18. Qc1 Rhe8 19. a3 Bd6 20. Nd2 Bg4 21. Ne4 exf4 22.
Nxf4 Bxf4 23. Qxf4 Qxf4 24. Rxf4 Bxh5 25. Ng3 Bg6 26. Nf5 Re5 27. Raf1 Kb8 28.
Kh2 Rdd5 29. Nxg7 Rxg5 30. Ne6 Bxd3 31. cxd3 Rg6 32. Rf8+ Ka7 33. Nf4 Rh6+ 34.
Kg3 Rg5+ 35. Kf3 Re5 36. Kg2 Rg5+ 37. Kf3 Re5 38. Kg2 Re3 39. Rc1 Rh4 40. Rc4
Rg4+ 41. Kf2 Rgg3 42. Rc5 Rgf3+ 43. Kg2 Rxd3 44. Rh5 Rb3 45. Rf6 Rfe3 46. Rxh7
Rxb2+ 47. Kf1 Rxa3 0-1

[Event "21st European Teams Women"]
[Site "Hersonissos GRE"]
[Date "2017.10.30"]
[Round "3.9"]
[Board "3"]
[White "Galojan, Lilit"]
[Black "Zarkovic, Mila"]
[Result "1-0"]
[WhiteTitle "IM"]
[BlackTitle "WIM"]
[WhiteElo "2291"]
[BlackElo "2241"]
[WhiteTeam "Armenia"]
[BlackTeam "Serbia"]
[WhiteFideId "13301314"]
[BlackFideId "900451"]
[EventDate "2017.10.28"]

1. d4 Nf6 2. c4 e6 3. Nc3 Bb4 4. f3 d5 5. a3 Bxc3+ 6. bxc3 c5 7. cxd5 exd5 8. e3
c4 9. Ne2 Nc6 10. g4 O-O 11. Ng3 Na5 12. Ra2 Nb3 13. Bg2 h6 14. O-O Qc7 15. e4
dxe4 16. fxe4 Bxg4 17. Bf3 Bh3 18. Bg2 Bg4 19. Qe1 Nxc1 20. Qxc1 Nh7 21. Rf4 Qd7
22. Qf1 Ng5 23. Kh1 b5 24. e5 Rae8 25. Raf2 Bh3 26. Nf5 Bxf5 27. Rxf5 g6 28.
R5f4 Kg7 29. Re2 Qe7 30. Qc1 Qc7 31. Rf1 Re7 32. Qf4 Nh7 33. d5 Qc5 34. a4 bxa4
35. d6 Re6 36. Qd4 Qc8 37. Bd5 Ng5 38. Qxa7 Qe8 39. Qd4 a3 40. Bxc4 Qb8 41. h4
Nh7 42. Ref2 Qa8+ 43. Bd5 Qe8 44. Kh2 h5 45. Bxe6 Qxe6 46. d7 a2 47. c4 1-0

[Event "21st European Teams Women"]
[Site "Hersonissos GRE"]
[Date "2017.10.30"]
[Round "3.9"]
[Board "4"]
[White "Gajcin, Marina"]
[Black "Kursova, Maria"]
[Result "1-0"]
[WhiteTitle "WFM"]
[BlackTitle "WGM"]
[WhiteElo "2135"]
[BlackElo "2259"]
[WhiteTeam "Serbia"]
[BlackTeam "Armenia"]
[WhiteFideId "949086"]
[BlackFideId "4129709"]
[EventDate "2017.10.28"]

1. e4 c5 2. Nf3 e6 3. d4 cxd4 4. Nxd4 Nc6 5. Nc3 d6 6. Be3 Nf6 7. Qd2 Be7 8. f3
a6 9. O-O-O O-O 10. g4 Nxd4 11. Bxd4 b5 12. g5 Nd7 13. h4 b4 14. Na4 Rb8 15. Kb1
Bb7 16. b3 a5 17. Rg1 Bc6 18. h5 Bxa4 19. bxa4 Ne5 20. Qe2 Nc6 21. Bb2 Qb6 22.
Bh3 Qc5 23. g6 hxg6 24. hxg6 Nd8 25. Qg2 e5 26. Bf5 Qe3 27. Bc1 Qc3 28. Qh3 fxg6
29. Bxg6 Rxf3 30. Qh7+ 1-0

[Event "21st European Teams Women"]
[Site "Hersonissos GRE"]
[Date "2017.10.30"]
[Round "3.10"]
[Board "1"]
[White "Zimina, Olga"]
[Black "Stojkovska, Monika"]
[Result "1-0"]
[WhiteTitle "IM"]
[BlackTitle "WFM"]
[WhiteElo "2394"]
[BlackElo "2088"]
[WhiteTeam "Italy"]
[BlackTeam "FYROM"]
[WhiteFideId "4132190"]
[BlackFideId "15002594"]
[EventDate "2017.10.28"]

1. Nf3 Nf6 2. c4 b6 3. g3 e6 4. Bg2 Bb7 5. O-O Be7 6. Nc3 O-O 7. Re1 Ne4 8. Nxe4
Bxe4 9. d3 Bb7 10. e4 c5 11. d4 cxd4 12. Nxd4 d6 13. b3 a6 14. Ba3 Qc7 15. Rc1
Nd7 16. f4 Rfe8 17. Qd2 Rac8 18. b4 Qb8 19. Bb2 Qa8 20. a3 Bf8 21. Nb3 Red8 22.
Qe2 Re8 23. Bh3 Nf6 24. Bg2 Nd7 25. Red1 Rc7 26. Nd2 Rec8 27. Bh3 Bc6 28. Re1 b5
29. Bf1 bxc4 30. Qxc4 Qa7+ 31. Bd4 Qb7 32. Qxa6 Qxa6 33. Bxa6 1-0

[Event "21st European Teams Women"]
[Site "Hersonissos GRE"]
[Date "2017.10.30"]
[Round "3.10"]
[Board "2"]
[White "Nikolovska, Dragana"]
[Black "Brunello, Marina"]
[Result "0-1"]
[BlackTitle "FM"]
[WhiteElo "1854"]
[BlackElo "2353"]
[WhiteTeam "FYROM"]
[BlackTeam "Italy"]
[WhiteFideId "15000133"]
[BlackFideId "822590"]
[EventDate "2017.10.28"]

1. e4 c5 2. Nf3 d6 3. d4 cxd4 4. Nxd4 Nf6 5. Nc3 a6 6. Be2 e5 7. Nb3 Be7 8. Bg5
Be6 9. Bxf6 Bxf6 10. Qd3 Nc6 11. O-O-O Nd4 12. Nxd4 exd4 13. Nd5 Bxd5 14. exd5
O-O 15. Qf3 d3 16. Bxd3 Rc8 17. Qe4 g6 18. Qb4 Bg7 19. h4 Qf6 20. f3 b5 21. c3
Rc5 22. h5 Rfc8 23. hxg6 hxg6 24. Kb1 Qd8 25. Qh4 Qc7 26. g4 Rxc3 27. Be4 Rc4
28. Qh7+ Kf8 29. Qh2 Qe7 30. Rc1 Rd8 31. Rxc4 bxc4 32. Qc2 Rb8 33. b3 Qe5 34.
Kc1 a5 35. Rh2 a4 36. Re2 axb3 37. axb3 Bh6+ 38. Kb1 Rxb3+ 39. Ka2 Qd4 40. Qxb3
cxb3+ 41. Kxb3 f5 42. gxf5 gxf5 0-1